Hedged performatives in economic speeches in English and Vietnamese - A contrastive analysis

This research is aimed to investigate the syntactic, semantic and pragmatic aspects of Hedged per formatives in English and Vietnamese in general and in economic speeches in particular. The investigation is based on a corpus of 20 videos about economic speeches. We examined a variety of linguistic d...

Popoln opis

Shranjeno v:
Bibliografske podrobnosti
Glavni avtor: Hoàng, Thảo Thủy.
Drugi avtorji: Nguyễn Văn Long, Dr. (Supervisor.)
Format: Luận văn Knjiga
Jezik:English
Izdano: ĐHĐN. 2014
Teme:
Oznake: Označite
Brez oznak, prvi označite!
Thư viện lưu trữ: Mạng thư viện Đại học Đà Nẵng
LEADER 04104cam a22004091a 4500
001 000035407
003 11687
005 20221231150040.0
008 151228s2014 vm 000 eng
040 |a LNN 
041 |a eng 
082 |a 420.8  |b HO-T 
100 1 |a Hoàng, Thảo Thủy. 
245 1 0 |a Hedged performatives in economic speeches in English and Vietnamese - A contrastive analysis  |h [Thesis-Luận văn thạc sĩ] /  |c Hoàng Thảo Thủy ; Nguyễn Văn Long hướng dẫn. 
246 3 |a Hình thức rào đón trong các bài phát biểu về kinh tế trong tiếng Anh và tiếng Việt - Nghiên cứu so sánh đối chiếu. 
260 |c 2014  |a ĐHĐN. 
300 |a 78tr . : ;  |c 30cm+. 
502 |a Master thesis in social sciences and humanities. 
520 |a This research is aimed to investigate the syntactic, semantic and pragmatic aspects of Hedged per formatives in English and Vietnamese in general and in economic speeches in particular. The investigation is based on a corpus of 20 videos about economic speeches. We examined a variety of linguistic devices functioning to create the speaker’s hedges and various structures of nouns, adjectives, verbs and adverbs in both languages. In order to achieve the set goal the study is carried out through a descriptive and qualitative approach. English is chosen as L2 and Vietnamese is chosen as L1. It is based on a theoretical framework of speech act, epistemic modality, cooperative and politeness principles. Besides, the study also considered the semantic features of hedge performatives according to economic speeches which was divided into four kinds of syntactic structures mentioned above. Then they were used to discover the semantics and pragmatics of hedged performatives under framework of epistemic modality, and politeness speeches. In addition, the research help Vietnamese learners of English use hedged per formatives effectively in their particular communication situations. 
650 |a economic speeches in English and Vietnamese 
653 |a economic speeche  |a contrastive analysis 
700 1 |a Nguyễn Văn Long,  |c Dr.,  |e Supervisor. 
OWN |a LNN 
AVA |a UDN50  |b LNN  |c English  |d 420.8 HO-T  |e available  |t Error 5001 Not defined in file expand_doc_bib_avail.  |f 1  |g 0  |h N  |i 0  |j AN  |k 1 
Z40 3 |y Hedged performatives in economic speeches in English and Vietnamese - A contrastive analysis  |l Library of UFL  |t VIEW  |x http://catalog.udn.vn:80/F?func=service&doc_library=UDN01&local_base=UDN01&doc_number=000035407&sequence=000001&line_number=0001&func_code=DB_RECORDS&service_type=MEDIA  |f TOMTAT_000012646.pdf  |e pdf  |s 001043488  |k 20210827  |m NTMTHI 
Z40 3 |y Hedged performatives in economic speeches in English and Vietnamese - A contrastive analysis  |l Library of UFL  |t VIEW  |x http://catalog.udn.vn:80/F?func=service&doc_library=UDN01&local_base=UDN01&doc_number=000035407&sequence=000002&line_number=0002&func_code=DB_RECORDS&service_type=MEDIA  |f LUANVAN_000012648.pdf  |e pdf  |s 000459417  |k 20210827  |m NTMTHI 
999 |a From the UDN01 
AVA |a UDN50  |b LNN  |c English  |d 420.8 HO-T  |e available  |t Error 5001 Not defined in file expand_doc_bib_avail.  |f 1  |g 0  |h N  |i 0  |j AN  |k 1 
TYP |a Dissertation 
TYP |a Monograph 
TYP |a Printed language 
856 |y Hedged performatives in economic speeches in English and Vietnamese - A contrastive analysis  |l Library of UFL  |t VIEW  |x http://catalog.udn.vn:80/F?func=service&doc_library=UDN01&local_base=UDN01&doc_number=000035407&sequence=000001&line_number=0001&func_code=DB_RECORDS&service_type=MEDIA  |f TOMTAT_000012646.pdf  |e pdf  |s 001043488  |k 20210827  |m NTMTHI 
856 |y Hedged performatives in economic speeches in English and Vietnamese - A contrastive analysis  |l Library of UFL  |t VIEW  |x http://catalog.udn.vn:80/F?func=service&doc_library=UDN01&local_base=UDN01&doc_number=000035407&sequence=000002&line_number=0002&func_code=DB_RECORDS&service_type=MEDIA  |f LUANVAN_000012648.pdf  |e pdf  |s 000459417  |k 20210827  |m NTMTHI 
980 |a Mạng thư viện Đại học Đà Nẵng